Things that are Lucky - Statistics

General Stats
  • This quiz has been taken 52 times
  • The average score is 10 of 11
Answer Stats
Picture Answer % Correct
Lucky Number Seven
100%
Rainbow
98%
Coin
93%
Four Leaf Clover
93%
Ladybug
93%
Elephant
91%
Horseshoe
91%
Shooting Star
91%
Lucky Cat
77%
Dreamcatcher
75%
Wish Bone
75%
No matching quizzes found
Score Distribution
Percent of People with Each Score
Percentile by Number Answered
Your Score History
You have not taken this quiz